<?xml version="1.0" encoding="UTF-8"?>
<collection xmlns="http://www.loc.gov/MARC21/slim">
 <record>
  <leader>01070nam a2200181Ia 4500</leader>
  <controlfield tag="001">CTU_39423</controlfield>
  <controlfield tag="008">210402s9999    xx            000 0 und d</controlfield>
  <datafield tag="082" ind1=" " ind2=" ">
   <subfield code="a">808.3</subfield>
  </datafield>
  <datafield tag="082" ind1=" " ind2=" ">
   <subfield code="b">Nh556</subfield>
  </datafield>
  <datafield tag="245" ind1=" " ind2="0">
   <subfield code="a">Những lời bàn về tiểu thuyết trong văn học Việt Nam từ đầu thế kỷ XX đến năm 1945</subfield>
  </datafield>
  <datafield tag="245" ind1=" " ind2="0">
   <subfield code="c">Vương Trí Nhàn sưu tầm và biên soạn</subfield>
  </datafield>
  <datafield tag="260" ind1=" " ind2=" ">
   <subfield code="a">Hà Nội</subfield>
  </datafield>
  <datafield tag="260" ind1=" " ind2=" ">
   <subfield code="b">Hội nhà văn</subfield>
  </datafield>
  <datafield tag="260" ind1=" " ind2=" ">
   <subfield code="c">2000</subfield>
  </datafield>
  <datafield tag="520" ind1=" " ind2=" ">
   <subfield code="a">Sưu tập các bài viết của: Nguyễn Văn Ngọc, Thiếu Sơn, Hoàng Ngọc Phách, Nguyễn Công Hoan, Khái Hưng, Nhất Linh [ Viết và đọc tiểu thuyết ], Thạch Lam, Vũ Đình Long, Vũ Trọng Phụng, Vũ Ngọc Phan, Vũ Bằng [ Khảo luận về tiểu thuyết ], Lưu Trọng Lư, Như Phong, Hải Triều, Phạm Quỳnh [ Khảo luận về tiểu thuyết ]</subfield>
  </datafield>
  <datafield tag="650" ind1=" " ind2=" ">
   <subfield code="a">Fiction, theory of</subfield>
  </datafield>
  <datafield tag="904" ind1=" " ind2=" ">
   <subfield code="i">Trọng Hải</subfield>
  </datafield>
  <datafield tag="980" ind1=" " ind2=" ">
   <subfield code="a">Trung tâm Học liệu Trường Đại học Cần Thơ</subfield>
  </datafield>
 </record>
</collection>
